00417nam a2200109Ia 4500008004100000050002500041100002100066245008800087260008600175300003400261521001200295140724s9999 xx 000 0 und d aRT 48.6b.Al454 2010 aAlonte, Maricar. 2aA community diagnosis of Barangay BF International Village CAA-A /cMaricar Alonte. aLas Piñas, Philippines :bSouthville International School and Colleges,cc2010. a171 p. :bcol. Ill. ;c28 cm. aNursing